L'amore ai tempi dell'HIV /

"Vedeva il suo corpo come un macchinario infernale capace di generare morte. Era un pensiero atroce e non potersi più avvicinare a David era un dolore troppo forte. Più lo abbracciava, più sentiva esplodergli in pancia il senso di colpa. Voleva respirare l'odore della sua pelle, voleva stringere le...

Descrizione completa

Salvato in:
Dettagli Bibliografici
Autore principale: Verniani, Sandro (Autore)
Natura: Libro
Lingua:italiano
Pubblicazione: Floridia : Epsil, 2015
Tags: Aggiungi Tag
Nessun Tag, puoi essere il primo ad aggiungerne!!

MARC

LEADER 00000nam a22000007i 4500
001 IT\ICCU\BCT\0056822
003 ItRI
005 20240417204834.0
008 200212s2015 it |||||| |||||1|||||c
020 |a 8898882629 
020 |a 9788898882625 
024 3 1 |a 9788898882625 
040 |b ita  |c GP 
041 7 |a ita  |2 ISO-639-2 
100 1 |a Verniani, Sandro  |0 IT\ICCU\BCTV\014293  |4 aut 
245 1 2 |a L'amore ai tempi dell'HIV /  |c Sandro Verniani. 
260 |a Floridia :  |b Epsil,  |c 2015 
300 |a 176 p. ;  |c 21 cm 
520 |a "Vedeva il suo corpo come un macchinario infernale capace di generare morte. Era un pensiero atroce e non potersi più avvicinare a David era un dolore troppo forte. Più lo abbracciava, più sentiva esplodergli in pancia il senso di colpa. Voleva respirare l'odore della sua pelle, voleva stringere le sue spalle, accarezzargli i capelli, intrecciare le loro gambe, sentire il proprio bacino incollato a quello di David, ma gli pareva, così facendo, di affondargli una lama affilata in quella sua gola liscia." 
942 |2 ddc  |c BK 
952 |0 0  |1 0  |2 ddc  |4 0  |6 853_920000000000000_VER  |7 1  |9 1268  |a RM  |b RM  |d 2024-04-17  |l 0  |o 853 92 VER  |p 860  |r 2024-04-17 20:48:54  |w 2024-04-17  |y BK 
981 1 |6 z01  |a i   |b xxxe  
982 1 |6 z01  |a n 
999 |c 1169  |d 1169